Nalaganje...
Women Welfare: Issues and Challenges/
| Glavni avtor: | |
|---|---|
| Format: | Printed Book |
| Izdano: |
New Delhi:
Rajat Publications;
2006.
|
| LEADER | 00455nam a22001337a 4500 | ||
|---|---|---|---|
| 020 | |a 81-7880-230-9 | ||
| 082 | |a 305.4 MAH/W | ||
| 100 | |a Mahapatra,Subhasini. | ||
| 245 | |a Women Welfare: |b Issues and Challenges/ | ||
| 260 | |a New Delhi: |b Rajat Publications; |c 2006. | ||
| 300 | |a 263p. | ||
| 942 | |c BK | ||
| 999 | |c 177698 |d 177698 | ||
| 952 | |0 0 |1 0 |4 0 |6 305_400000000000000_MAH_W |7 0 |9 196965 |a WMS |b WMS |c ST1 |d 2012-09-27 |g 0.00 |i 466 |l 0 |o 305.4 MAH/W |p WMS466 |r 2012-09-27 |w 2012-09-27 |y BK | ||